[Event "Sachsen-ch U18 Girls"]
[Site "Sebnitz"]
[Date "2007.04.11"]
[Round "2"]
[White "Fladerer, Claudia"]
[Black "Lowke, Kathrin"]
[Result "0-1"]
[WhiteElo "1393"]
[BlackElo "1682"]
[PlyCount "140"]
[EventDate "2007.04.10"]
[EventType "swiss"]
[EventRounds "7"]
[EventCountry "GER"]
[SourceTitle "EXT 2008"]
[Source "ChessBase"]
[SourceDate "2007.11.25"]
[SourceVersion "1"]
[SourceVersionDate "2007.11.25"]
[SourceQuality "1"]

1. c4 Nf6 2. Nc3 d6 3. Nf3 g6 4. d3 Bg7 5. g3 0-0 6. Bg2 Nc6 7. 0-0 Rb8 8. a3 Be6 9. Rb1 Qc8 10. Ng5 Bd7 11. Re1 h6 12. Nf3 Bh3 13. Bh1 Ng4 14. Nd5 Nf6 15. Nf4 Bg4 16. Bd2 e5 17. Nd5 Nxd5 18. cxd5 Ne7 19. Qb3 Bh3 20. Be3 b6 21. Rbc1 f5 22. Red1 f4 23. Bd2 Nf5 24. Qc4 Rf7 25. Qe4 g5 26. e3 Ne7 27. exf4 exf4 28. Bc3 Bf5 29. Qc4 Bg4 30. Bxg7 Kxg7 31. Qd4+ Kg8 32. Re1 Ng6 33. b4 Qf5 34. Nd2 Ne5 35. Be4 Qf6 36. Rf1 Rbf8 37. Rc2 Qg7 38. a4 h5 39. b5 h4 40. gxh4 gxh4 41. Kh1 Qh6 42. Rg1 Rg7 43. Qc3 f3 44. d4 Bh3 45. Nxf3 Nxf3 46. Bxf3 Rff7 47. Rcc1 Qf4 48. Rxg7+ Rxg7 49. Rg1 Rxg1+ 50. Kxg1 Qf5 51. Qb3 Qg5+ 52. Kh1 Qc1+ 53. Bd1 Bg4 54. f3 Bh3 55. Qd3 Qg5 56. Qe2 Kf7 57. Qf2 Kf6 58. Qe2 Qxd5 59. Qf2 Qg5 60. Qe2 Qf5 61. Bc2 Qg5 62. Bd1 Qf4 63. Qf2 Bf5 64. d5 h3 65. Qb2+ Kg5 66. Qf2 Qc1 67. Qe2 Kf6 68. Kg1 Qc5+ 69. Kh1 Qxd5 70. Qb2+ Kg6 0-1

[Event "Sachsen-ch U16 Girls"]
[Site "Sebnitz"]
[Date "2006.04.19"]
[Round "4"]
[White "Worch, Stephanie"]
[Black "Lowke, Kathrin"]
[Result "1/2-1/2"]
[WhiteElo "1271"]
[BlackElo "1646"]
[PlyCount "31"]
[EventDate "2006.04.18"]
[EventType "swiss"]
[EventRounds "7"]
[EventCountry "GER"]
[SourceTitle "EXT 2007"]
[Source "ChessBase"]
[SourceDate "2006.11.23"]
[SourceVersion "1"]
[SourceVersionDate "2006.11.23"]
[SourceQuality "1"]

1. e4 c5 2. Nc3 d6 3. g3 Nf6 4. Bg2 g6 5. d3 Bg7 6. f4 0-0 7. h3 Nfd7 8. Nf3 e6 9. 0-0 Nc6 10. Ne2 f5 11. Rb1 Nb6 12. g4 Qe7 13. Ng3 Bd7 14. Be3 Rac8 15. c3 Kh8 16. Qd2 1/2-1/2

[Event "Sachsen-ch U16 Girls"]
[Site "Sebnitz"]
[Date "2005.03.31"]
[Round "5"]
[White "Pfefferkorn, Katja"]
[Black "Lowke, Kathrin"]
[Result "0-1"]
[WhiteElo "1316"]
[BlackElo "1559"]
[PlyCount "148"]
[EventDate "2005.03.29"]
[EventType "swiss"]
[EventRounds "7"]
[EventCountry "GER"]
[SourceTitle "EXT 2007"]
[Source "ChessBase"]
[SourceDate "2006.11.23"]
[SourceVersion "1"]
[SourceVersionDate "2006.11.23"]
[SourceQuality "1"]

1. e4 c5 2. c3 d6 3. d4 cxd4 4. cxd4 Nc6 5. Nf3 Bg4 6. Be3 Nf6 7. Bd3 Nb4 8. Bb5+ Bd7 9. Bxd7+ Qxd7 10. Nc3 Rc8 11. 0-0 e6 12. h3 Be7 13. a3 Nc6 14. Qe2 a6 15. e5 dxe5 16. dxe5 Nd5 17. Nxd5 Qxd5 18. Rfd1 Qa5 19. b4 Qc7 20. Qb2 0-0 21. Rac1 b5 22. Bc5 Qb7 23. Bxe7 Nxe7 24. Rd3 Ng6 25. Rcd1 Nf4 26. Rd7 Qe4 27. Re1 Qg6 28. Nh4 Qg5 29. g3 Nxh3+ 30. Kh2 Nf4 31. Qd2 Rc4 32. Rd4 Rxd4 33. Qxd4 Ng6 34. Nxg6 Qxg6 35. Qb6 Qh6+ 36. Kg2 Qd2 37. Re3 Qd5+ 38. Kf1 Ra8 39. Ke2 Qc4+ 40. Kf3 Qd5+ 41. Ke2 h6 42. f4 Qg2+ 43. Kd3 Qf1+ 44. Kd2 Qf2+ 45. Kd1 Rc8 46. Qd4 Qf1+ 47. Kd2 Qc1+ 48. Ke2 Qc2+ 49. Qd2 Qc4+ 50. Kf2 Qc6 51. Rd3 Qb6+ 52. Ke2 Qc7 53. Ke3 g6 54. Kf2 Kg7 55. Rd7 Qb6+ 56. Ke2 Qg1 57. Rd3 Qg2+ 58. Kd1 Qf1+ 59. Qe1 Rc1+ 60. Kxc1 Qxe1+ 61. Kc2 Qe2+ 62. Kc3 Qe4 63. Rd4 Qe1+ 64. Kb2 Qf2+ 65. Kc3 Qxg3+ 66. Rd3 Qxf4 67. Kb3 Qc4+ 68. Kb2 Qxd3 69. Ka2 h5 70. Kb2 h4 71. Ka2 h3 72. Kb2 h2 73. Ka2 h1Q 74. Kb2 Qhb1# 0-1

[Event "Sachsen-ch U16 Girls"]
[Site "Sebnitz"]
[Date "2005.03.29"]
[Round "2"]
[White "Reh, Theresa"]
[Black "Lowke, Kathrin"]
[Result "1-0"]
[WhiteElo "1712"]
[BlackElo "1559"]
[PlyCount "53"]
[EventDate "2005.03.29"]
[EventType "swiss"]
[EventRounds "7"]
[EventCountry "GER"]
[SourceTitle "EXT 2007"]
[Source "ChessBase"]
[SourceDate "2006.11.23"]
[SourceVersion "1"]
[SourceVersionDate "2006.11.23"]
[SourceQuality "1"]

1. e4 c5 2. Nf3 d6 3. d4 cxd4 4. Nxd4 Nf6 5. Nc3 g6 6. f4 Bg7 7. e5 dxe5 8. fxe5 Ng4 9. Bb5+ Bd7 10. Qxg4 Bxb5 11. Ndxb5 Bxe5 12. Bf4 Nc6 13. Bxe5 Nxe5 14. Qf4 f6 15. Rd1 Qc8 16. 0-0 0-0 17. Kh1 Kg7 18. Nd5 Rf7 19. Nbc3 Qc6 20. Rde1 Raf8 21. Qb4 Qd7 22. Rd1 Nc6 23. Qe4 Qc8 24. Nf4 Kg8 25. Ne6 Re8 26. Qd5 Nb4 27. Qb3 1-0

[Event "GER-chT U14 Girls"]
[Site "Dittrichshuette"]
[Date "2004.12.30"]
[Round "6.1"]
[White "Lowke, Kathrin"]
[Black "Mucha, Annegret"]
[Result "0-1"]
[WhiteElo "1588"]
[BlackElo "1634"]
[PlyCount "58"]
[EventDate "2004.12.27"]
[EventType "team"]
[EventRounds "6"]
[EventCountry "GER"]
[SourceTitle "EXT 2006"]
[Source "ChessBase"]
[SourceDate "2005.11.24"]
[SourceVersion "1"]
[SourceVersionDate "2005.11.24"]
[SourceQuality "1"]

1. e4 c5 2. Nf3 Nc6 3. d4 cxd4 4. Nxd4 g6 5. Nc3 Bg7 6. Be3 Nf6 7. f3 0-0 8. Qd2 d5 9. 0-0-0 e6 10. Bg5 Qe8 11. Ndb5 Qd7 12. exd5 exd5 13. Nxd5 Nxd5 14. Qxd5 Qxd5 15. Rxd5 Nb4 16. Rd1 f6 17. Bf4 Na6 18. Bc4+ Kh8 19. Nd6 h5 20. Rhe1 Kh7 21. Re7 Nc5 22. Bd5 Bf5 23. Nxf5 gxf5 24. Bxb7 Rad8 25. Bd6 Nxb7 26. Rxb7 Rfe8 27. Be7 Bh6+ 28. Rd2 Rxd2 29. Bf8+ Rd7+ 0-1